[Event "Saint Denis op"]
[Site "Saint Denis"]
[Date "2022.10.13"]
[Round "4"]
[White "Erudel, Irina"]
[Black "Khantalin, Irakliy"]
[Result "1-0"]
[WhiteElo "1199"]
[BlackElo "1009"]
[PlyCount "59"]
[EventDate "2022.10.13"]
[EventType "swiss"]
[EventRounds "9"]
[EventCountry "RUF"]
[SourceTitle "EXT 2024"]
[Source "ChessBase"]
[SourceDate "2023.10.10"]
[SourceVersion "1"]
[SourceVersionDate "2023.10.10"]
[SourceQuality "1"]

1. e4 e5 2. Nf3 Nc6 3. Nc3 Nf6 4. Bb5 d6 5. d3 Be7 6. Be3 Bg4 7. h3 Bxf3 8. Qxf3 0-0 9. 0-0-0 a6 10. Bc4 b5 11. Bd5 Nxd5 12. exd5 Nd4 13. Bxd4 exd4 14. Ne4 Bg5+ 15. Kb1 a5 16. h4 Bf6 17. g4 b4 18. g5 Be5 19. h5 a4 20. h6 g6 21. Qh3 f5 22. gxf6 Bxf6 23. Qe6+ Kh8 24. Nxf6 Rxf6 25. Qe4 Rxf2 26. Qxd4+ Qf6 27. Qxb4 Ra6 28. Rhe1 Kg8 29. Qb8+ Kf7 30. Qe8# 1-0